Normal view
MARC view
- ELECTRONIC DRAFTING, PRINTED CIRCUITS- DESIGN AND CONSTRUCTION
Entry Topical Term
001 - CONTROL NUMBER
- control field: 63220
003 - CONTROL NUMBER IDENTIFIER
- control field: NUST
005 - DATE AND TIME OF LATEST TRANSACTION
- control field: 20210628203100.0
008 - FIXED-LENGTH DATA ELEMENTS
- fixed length control field: 210628|| aca||aabn | a|a d
040 ## - CATALOGING SOURCE
- Original cataloging agency: NUST
- Transcribing agency: NUST
150 ## - HEADING--TOPICAL TERM
- Topical term or geographic name entry element: ELECTRONIC DRAFTING, PRINTED CIRCUITS- DESIGN AND CONSTRUCTION
670 ## - SOURCE DATA FOUND
- Source citation: Work cat.: (NUST): Kirkpatrick, James .M 62321, Electronic drafting and printed circuit board design, 1989
